LEADER 01961nam a2200337 u 4500 001 000000019160 003 CaOOAMICUS 005 20070226110745.0 008 941215s1994 it u000 u ita u 020 $a8834303547 035 $a10459205 040 $aEFR$bita$dPUL(R) 041 0 $aita$aeng$afre$ager$agrc 245 00$aFederazioni e federalismo nell'Europa antica :$bBergamo, 21-25 settembre 1992 /$ca cura di Luciana Aigner Foresti ... [et al.]. 260 $aMilano :$bVita e pensiero,$c1994. 300 $axi-487 p. ;$c22 cm 490 1 $aScienze storiche ;$v52 500 $a"Il Centro culturale "Nicolò Rezzara", in collaborazione con ... l'Università del Sacro Cuore, dà avvio ...ad un ciclo di congressi internazionali di studio sul tema "Alle radici della casa comune europea" ... che si svolgeranno a Bergamo con scadenza triennale ...". 650 0$aAlliances$zEurope$xHistory$xCongresses.$2//eng$0(OLS)http://pul/subject/12904 650 0$aFederal government$zEurope$xHistory$xCongresses.$2//eng$0(OLS)http://pul/subject/12905 700 1 $aAigner Foresti, Luciana.$0(OLS)http://pul/name/16854 710 2 $aCentro culturale Nicolò Rezzara (Bergamo, Italy).$0(OLS)http://pul/name/16855 710 2 $aUniversità cattolica del Sacro Cuore. Sede di Milano.$0(OLS)http://pul/name/534 711 2 $aAlle radici della casa comune europea$n(1 :$d1992 :$cBergamo).$0(OLS)http://pul/name/16856 830 0$aScienze storiche (Vita e pensiero) ;$v52.$0(OLS)http://pul/title/2234 850 $aPUL 852 $aPUL$W1$xDP1 Cons. Gen., Altre Classi 1$y22$m388 M 52$j26980$nBK-PRI$b $qStampati$B26980$CPULBib$Z2$F26980 $H72424 $81 941 1 $a8 996 $6020$a8834303547$9(OLS)http://pul/number/24442 996 $6245$aFederazioni e federalismo nell'Europa antica :$bBergamo, 21-25 settembre 1992$9(OLS)http://pul/title/27145 996 $6260$aMilano :$bVita e pensiero$9(OLS)http://pul/publisher/48016 LEADER 00950nam a2200241 u 4500 001 000000082333 003 CaOOAMICUS 005 20070226123842.0 008 050412s1938 it u000 u ita u 035 $a11038590 040 $aPUL(R)$bita 100 1 $aCodignola, Ernesto,$d1885-1965.$0(OLS)http://pul/name/7832 245 10$aSommario di storia della filosofia /$cErnesto Codignola. 250 $a2. ed. 260 $aFirenze :$bLa Nuova Italia,$c1938. 300 $av. ;$c20 cm 505 1 $av. 1. Dai naturalisti ionici alla crisi della scolastica. 650 4$aFilosofia$xStoria$xManuali, trattati, ecc.$0(OLS)http://pul/subject/28240 850 $aPUL 852 $aPUL$W1$xDP1 Fondo Cecchetti$y53$m260 M 21$j194850$nBK-PRI$b $qFondi$B104927$CPULBib$Z2$F104927 $81 941 1 $a1 996 $6245$aSommario di storia della filosofia$9(OLS)http://pul/title/107607 996 $6260$aFirenze :$bLa Nuova Italia$9(OLS)http://pul/publisher/48361 LEADER 01453nam a2200337 a 4500 001 000000141265 003 CaOOAMICUS 005 20150119142541.0 008 150119s2001 it u000 u ita r 020 $a88-211-6696-1 040 $aPUL$bita 041 1 $aita$hger 100 1 $aMiethke, Jürgen.$0(OLS)http://pul/name/15579 240 10$aPolitische Theorien im Mittelalter.$lItaliano.$0(OLS)http://pul/title/178751 245 13$aLe teorie politiche nel Medioevo /$cJürgen Miethke ; prefazione di Roberto Lambertini ; traduzione di Mario Conetti. 260 $aGenova ;$aMilano :$bMarietti,$c©2001. 300 $a242 p. ;$c21 cm 490 1 $aCollana di saggistica ;$v84 504 $aBibliografia in nota. 650 4$aPolitica$xTeorie$yEvo medio.$0(OLS)http://pul/subject/15997 700 1 $aLambertini, Roberto,$d1958-$0(OLS)http://pul/name/23862 700 1 $aConetti, Mario.$0(OLS)http://pul/name/90705 830 0$aCollana di saggistica ;$v84.$0(OLS)http://pul/title/20946 850 $aPUL 852 $aPUL$W1$xDP1 Fondo Capitani$y116$m4 A 14$j774$qFondi$B162929$CPULBib$Z2$F162929 $HCap2208 $82 941 1 $a1 961 $aNota ms. di possesso: Capitani. 996 $6020$a88-211-6696-1$9(OLS)http://pul/number/156749 996 $6245$aLe teorie politiche nel Medioevo$9(OLS)http://pul/title/178752 996 $6260$aGenova ;$aMilano :$bMarietti$9(OLS)http://pul/publisher/74601 LEADER 01602nam a2200361 a 4500 001 000000161501 003 CaOOAMICUS 005 20170623124224.0 008 170623s2017 it u000 u ita r 020 $a978-88-9317-369-8* 032 $aLibriCat 040 $aPUL$bita 082 04$a348.45 110 1 $aItalia.$0(OLS)http://pul/name/1188 245 10$aNuovo codice dei contratti pubblici /$ca cura di Francesco Saverio Marini, Giuseppe Mazzotta, Alfredo Storto. 250 $a2. ed. 260 $aPiacenza :$bLa Tribuna,$c©2017. 300 $a1389 p. ;$c19 cm. 490 1 $aI codici vigenti 2017 500 $aSulla coperta: Aggiornato con il Decreto correttivo al Codice dei contratti pubblici (D.L.vo 19/4/2017, n. 56). 650 4$aContratti pubblici$zItalia.$0(OLS)http://pul/subject/34215 700 1 $aMarini, Francesco Saverio,$d1973-$0(OLS)http://pul/name/96868 700 1 $aStorto, Alfredo.$0(OLS)http://pul/name/96870 700 1 $aMazzotta, Giuseppe,$cgiurista.$0(OLS)http://pul/name/96869 830 0$aCodici vigenti 2017.$0(OLS)http://pul/title/197720 850 $aPUL 852 $aPUL$W1$xDP2 Diritto e Scienze Sociali 3$y110$m348. 45 COD 3.1.94$j185464$qDDC 21$B188680$CPULBib$Z2$F188680 $H129919 $81 941 1 $a9 996 $6020$a978-88-9317-369-8*$9(OLS)http://pul/number/162933 996 $6082$a348.45$9(OLS)http://pul/classification/373 996 $6245$aNuovo codice dei contratti pubblici$9(OLS)http://pul/title/201236 996 $6260$aPiacenza :$bLa Tribuna$9(OLS)http://pul/publisher/69734